Nueva corónica y buen gobierno

Saved in:
Bibliografiske detaljer
Hovedforfatter: Guaman Poma de Ayala, Felipe (Author)
Format: Bog
Sprog:spansk
quechua
Udgivet: Lima Fondo de Cultura Económica 1993
Udgivelse:1a. ed
Serier:Sección de Obras de Historia
Fag:
Tags: Tilføj Tag
Ingen Tags, Vær først til at tagge denne postø!

MARC

LEADER 00000cam a2200000 a 4500
001 UCG2103
003 CL-VaPUC
008 100610e19930000PE |||||||||||||||||spa|d
020 |a 9789972663444o.c 
020 |a 9972663450t.1 
020 |a 9972663469t.2 
020 |a 9972663477t.3 
041 0 7 |a spa  |2 CL-VaPUC 
041 0 7 |a que  |2 CL-VaPUC 
082 0 4 |a 898.323  |b GUA  |2 21 
100 0 |a Guaman Poma de Ayala, Felipe  |e author  |9 257451 
245 1 0 |a Nueva corónica y buen gobierno 
250 |a 1a. ed 
300 |a t 
942 |c BK 
945 |d 20100610 00:00:00  |a dcastane 
260 |a Lima  |b Fondo de Cultura Económica  |c 1993 
650 7 |a LITERATURA QUECHUA  |2 CL-VaPUC  |9 269339 
650 7 |a HISTORIA DEL PERU SIGLO 16 Y 17  |2 CL-VaPUC  |9 550411 
651 0 |a Perú  |9 256567 
583 |a last modification  |c 20111219 08:59:25  |k Rodrigo Vera 
490 0 |a Sección de Obras de Historia 
999 |c 341340  |d 341338 
952 |0 0  |1 0  |4 0  |6 898_323000000000000_GUA_1993  |7 0  |8 A  |9 436731  |a BIBHIS  |b BIBHIS  |d 2019-11-22  |h t.1  |i 4682599  |l 2  |o 898.323 GUA 1993  |p 4682599  |r 2025-01-20  |s 2022-06-24  |w 2019-11-22  |y BK  |k HIS 
952 |0 0  |1 0  |4 0  |6 898_323000000000000_GUA_1993  |7 0  |8 A  |9 436732  |a BIBHIS  |b BIBHIS  |d 2019-11-22  |h t.2  |i 4682602  |l 2  |o 898.323 GUA 1993  |p 4682602  |r 2025-01-20  |s 2022-08-09  |w 2019-11-22  |y BK  |k HIS 
952 |0 0  |1 0  |4 0  |6 898_323000000000000_GUA_1993  |7 0  |8 A  |9 436733  |a BIBHIS  |b BIBHIS  |d 2019-11-22  |h t.3  |i 4682610  |l 1  |o 898.323 GUA 1993  |p 4682610  |r 2025-01-20  |s 2022-06-24  |w 2019-11-22  |y BK  |k HIS 
952 |0 0  |1 0  |4 0  |6 898_323000000000000_GUA_1993  |7 0  |8 A  |9 436734  |a FDOPOS  |b FDOPOS  |d 2019-11-22  |h t.1  |i 4817303  |o 898.323 GUA 1993  |p 4817303  |r 2025-01-22  |w 2019-11-22  |y BK  |k DLH 
952 |0 0  |1 0  |4 0  |6 898_323000000000000_GUA_1993  |7 0  |8 A  |9 436735  |a FDOPOS  |b BIBEDU  |d 2019-11-22  |h t.2  |i 4817311  |l 3  |o 898.323 GUA 1993  |p 4817311  |r 2025-01-22  |s 2022-06-16  |w 2019-11-22  |y BK  |k DLH 
952 |0 0  |1 0  |4 0  |6 898_323000000000000_GUA_1993  |7 0  |8 A  |9 436736  |a FDOPOS  |b FDOPOS  |d 2019-11-22  |h t.3  |i 481732K  |o 898.323 GUA 1993  |p 481732K  |r 2025-01-22  |w 2019-11-22  |y BK  |k DLH 
952 |0 0  |1 0  |4 0  |6 898_323000000000000_GUA_1993  |7 0  |8 A  |9 436737  |a BIBART  |b BIBART  |d 2019-11-22  |h t.1  |i 4806468  |o 898.323 GUA 1993  |p 4806468  |r 2025-03-13  |w 2019-11-22  |y BK  |k ART 
952 |0 0  |1 0  |4 0  |6 898_323000000000000_GUA_1993  |7 0  |8 A  |9 436738  |a BIBART  |b BIBART  |d 2019-11-22  |h t.2  |i 4806476  |o 898.323 GUA 1993  |p 4806476  |r 2025-03-13  |w 2019-11-22  |y BK  |k ART 
952 |0 0  |1 0  |4 0  |6 898_323000000000000_GUA_1993  |7 0  |8 A  |9 436739  |a BIBART  |b BIBART  |d 2019-11-22  |h t.3  |i 4806484  |o 898.323 GUA 1993  |p 4806484  |r 2025-03-13  |w 2019-11-22  |y BK  |k ART 
952 |0 0  |1 0  |4 0  |6 898_323000000000000_GUA_1993  |7 0  |8 R  |9 436740  |a BIBEDU  |b BIBEDU  |c MCIRC  |d 2019-11-22  |h t.1  |i 4831209  |o 898.323 GUA 1993  |p 4831209  |r 2023-01-13  |w 2019-11-22  |y BK_R  |k FIL 
952 |0 0  |1 0  |4 0  |6 898_323000000000000_GUA_1993  |7 0  |8 R  |9 436741  |a BIBEDU  |b BIBEDU  |c MCIRC  |d 2019-11-22  |h t.2  |i 4831217  |o 898.323 GUA 1993  |p 4831217  |r 2023-01-13  |w 2019-11-22  |y BK_R  |k FIL 
952 |0 0  |1 0  |4 0  |6 898_323000000000000_GUA_1993  |7 0  |8 R  |9 436742  |a BIBEDU  |b BIBEDU  |c MCIRC  |d 2019-11-22  |h t.3  |i 4831225  |o 898.323 GUA 1993  |p 4831225  |r 2023-01-13  |w 2019-11-22  |y BK_R  |k FIL 
952 |0 0  |1 0  |3 erb  |4 0  |6 898_323000000000000_GUA_1993  |7 0  |8 DER_HDC  |9 436743  |a BIBDER  |b BIBDER  |h t.1  |i 5360692  |o 898.323 GUA 1993  |p 5360692  |r 2023-01-25  |w 2019-11-22  |x Ubicación 4to Piso  |y BK  |z Estos recursos deben solicitarse con anticipación  |k DER 
952 |0 0  |1 0  |3 erb  |4 0  |6 898_323000000000000_GUA_1993  |7 0  |8 DER_HDC  |9 436744  |a BIBDER  |b BIBDER  |h t.2  |i 5360706  |o 898.323 GUA 1993  |p 5360706  |r 2023-01-25  |w 2019-11-22  |x Ubicación 4to Piso  |y BK  |z Estos recursos deben solicitarse con anticipación  |k DER 
952 |0 0  |1 0  |3 erb  |4 0  |6 898_323000000000000_GUA_1993  |7 0  |8 DER_HDC  |9 436745  |a BIBDER  |b BIBDER  |h t.3  |i 5360684  |o 898.323 GUA 1993  |p 5360684  |r 2023-01-25  |w 2019-11-22  |x Ubicación 4to Piso  |y BK  |z Estos recursos deben solicitarse con anticipación  |k DER